000 01501nam0a22003491 4500
001 rc\2277573
005 20110829191352.1
035 _a(NLR Aleph) 006557383
090 _a6806471
_c6806471
100 _a20110829d1979 |||y0rusy50 ca
101 0 _arus
102 _aRU
105 _ay z |||||
200 1 _aОсновные положения о выдаче больничных листков
_eМетод. рекомендации и руководство для субординаторов и интернов
_fКазан. гос. мед. ин-т им. С.В. Курашова
_g[М.Х. Вахитов, А.Я. Каримов, Н.А. Макарова, Р.С. Чувашаев]
205 _a2-е изд., перераб. и доп.
210 _aКазань
_cБ. и.
_d1979
215 _a51 с.
_d21
320 _aБиблиогр.: с. 49-51 (28 назв.)
606 _aБольничные листы
_xВыдача и оформление
_2psbo
686 _aР11(2)314я8
_2rubbk
701 1 _aМакарова
_bН. А.
701 1 _aЧувашаев
_bР. С.
701 1 _aКаримов
_bА. Я.
701 1 _aВахитов
_bМ. Х.
_gМухамет Хайрутдинович
712 0 2 _aКазанский мед. ин-т им. С.В. Курашова
_3RU\NLR\AUTH\8810016054
801 0 _aRU
_bNLR
_gpsbo
801 1 _aRU
_bELAR
_2rusmarc
852 _aNLR
_j80-6/3561
899 _aRuMoRGB
_jM 80-5/1296
899 _aRuMoRGB
_jM 80-5/1297
942 _cBOOK
980 _aNB